<?xml version="1.0" encoding="UTF-8"?>
<record
    xmlns:xsi="http://www.w3.org/2001/XMLSchema-instance"
    xsi:schemaLocation="http://www.loc.gov/MARC21/slim http://www.loc.gov/standards/marcxml/schema/MARC21slim.xsd"
    xmlns="http://www.loc.gov/MARC21/slim">

  <leader>01929nam a2200289 a 4500</leader>
  <controlfield tag="001">000006375</controlfield>
  <controlfield tag="003">DO-SdBNP</controlfield>
  <controlfield tag="005">20250401151643.0</controlfield>
  <controlfield tag="007">ta</controlfield>
  <controlfield tag="008">090828e2006    dr abg gr     001 edspa d</controlfield>
  <datafield tag="020" ind1=" " ind2=" ">
    <subfield code="a">994540413X</subfield>
  </datafield>
  <datafield tag="040" ind1=" " ind2=" ">
    <subfield code="a">DO-SdBNP</subfield>
    <subfield code="b">spa</subfield>
    <subfield code="c">BNPHU</subfield>
  </datafield>
  <datafield tag="082" ind1=" " ind2="4">
    <subfield code="a">398.097293</subfield>
    <subfield code="b">G241r</subfield>
    <subfield code="2">22</subfield>
  </datafield>
  <datafield tag="100" ind1="1" ind2=" ">
    <subfield code="a">Garrido de Boggs, Edna,</subfield>
    <subfield code="d">1913-</subfield>
    <subfield code="9">17737</subfield>
  </datafield>
  <datafield tag="245" ind1="1" ind2="0">
    <subfield code="a">Rese&#xF1;a hist&#xF3;rica del folklore dominicano /</subfield>
    <subfield code="c">Edna Garrido de Boggs ; Pr&#xF3;logo y edici&#xF3;n, Xiomarita P&#xE9;rez.</subfield>
  </datafield>
  <datafield tag="260" ind1=" " ind2=" ">
    <subfield code="a">Santo Domingo :</subfield>
    <subfield code="b">Direcci&#xF3;n Nacional de Folklore,</subfield>
    <subfield code="c">2006</subfield>
  </datafield>
  <datafield tag="300" ind1=" " ind2=" ">
    <subfield code="a">279 p. :</subfield>
    <subfield code="b">il., fotogr., mapa ;</subfield>
    <subfield code="c">23 cm.</subfield>
    <subfield code="e">CD- ROM</subfield>
  </datafield>
  <datafield tag="500" ind1=" " ind2=" ">
    <subfield code="a">Incluye datos biogr&#xE1;ficos de la autora en las solapas de las cubiertas</subfield>
  </datafield>
  <datafield tag="504" ind1=" " ind2=" ">
    <subfield code="a">Bibliograf&#xED;a : p. 193-197</subfield>
  </datafield>
  <datafield tag="505" ind1=" " ind2=" ">
    <subfield code="a">Presentaci&#xF3;n.-- Pr&#xF3;logo.-- Introducci&#xF3;n.</subfield>
    <subfield code="t">Personalidad del folcklore dominicano.</subfield>
    <subfield code="t">Lenguaje, Narraci&#xF3;n y otras expresiones orales.--</subfield>
    <subfield code="t">Poes&#xED;a y Canto.--</subfield>
    <subfield code="t">Baile.--</subfield>
    <subfield code="t">Costumbre festivas y juegos.--</subfield>
    <subfield code="t">Otros g&#xE9;neros del folklore dominicano.--</subfield>
    <subfield code="t">Bibliograf&#xED;a del folklore dominicano.--</subfield>
    <subfield code="g">Ap&#xE9;ndice A:</subfield>
    <subfield code="t">Saber y viviencias de do&#xF1;a Tijides de Garrido (1887 - 1976), informante y redactora, madre de Edna Garrido de Boggs, (San Juan de la Maguana).--</subfield>
    <subfield code="g">Ap&#xE9;ndice B:</subfield>
    <subfield code="t">Or&#xED;genes de nuestros juegos de muchachos y otras costumbres nacionales, por Ernesto Soler, 1946.--</subfield>
    <subfield code="g">Ap&#xE9;ndice C:</subfield>
    <subfield code="t">Folklores de Hig&#xFC;ey, 1921 - 1922. Facilitado em 1944 por Luis Valdez Mart&#xED;nez, Inspector de Instrucci&#xF3;n P&#xFA;blica.--</subfield>
    <subfield code="g">Ap&#xE9;ndice D:</subfield>
    <subfield code="t">Observaciones sobre las grabaciones originales en el CD por Martha Ellen Davis.--</subfield>
    <subfield code="t">Ilustraciones.--</subfield>
    <subfield code="t">Mapas.--</subfield>
    <subfield code="t">Disco Compacto.</subfield>
  </datafield>
  <datafield tag="590" ind1=" " ind2=" ">
    <subfield code="a">Inventariado, 2018/VM</subfield>
  </datafield>
  <datafield tag="650" ind1=" " ind2="0">
    <subfield code="a">Folclore</subfield>
    <subfield code="z">Rep&#xFA;blica Dominicana</subfield>
    <subfield code="x">Historia</subfield>
    <subfield code="9">33448</subfield>
  </datafield>
  <datafield tag="650" ind1=" " ind2="4">
    <subfield code="a">M&#xFA;sica folcl&#xF3;rica </subfield>
    <subfield code="z">Rep&#xFA;blica Dominicana</subfield>
    <subfield code="x">Historia y cr&#xED;tica</subfield>
    <subfield code="9">17739</subfield>
  </datafield>
  <datafield tag="651" ind1=" " ind2="4">
    <subfield code="a">Rep&#xFA;blica Domonicana</subfield>
    <subfield code="x">Vida social y costumbres</subfield>
    <subfield code="9">17740</subfield>
  </datafield>
  <datafield tag="700" ind1="1" ind2="2">
    <subfield code="a">P&#xE9;rez, Xiomarita</subfield>
    <subfield code="e">pr&#xF3;l.</subfield>
    <subfield code="9">17741</subfield>
  </datafield>
  <datafield tag="942" ind1=" " ind2=" ">
    <subfield code="2">ddc</subfield>
    <subfield code="c">LBS1</subfield>
  </datafield>
  <datafield tag="952" ind1=" " ind2=" ">
    <subfield code="0">0</subfield>
    <subfield code="1">0</subfield>
    <subfield code="2">ddc</subfield>
    <subfield code="5">6</subfield>
    <subfield code="7">0</subfield>
    <subfield code="8">DS</subfield>
    <subfield code="a">BNPHU</subfield>
    <subfield code="b">BNPHU</subfield>
    <subfield code="c">HD</subfield>
    <subfield code="d">2009-08-28</subfield>
    <subfield code="o">398.097293 G241r</subfield>
    <subfield code="p">6375-30</subfield>
    <subfield code="r">2020-06-25</subfield>
    <subfield code="t">e. 3</subfield>
    <subfield code="w">2020-06-25</subfield>
    <subfield code="y">LBS1</subfield>
  </datafield>
  <datafield tag="952" ind1=" " ind2=" ">
    <subfield code="0">0</subfield>
    <subfield code="1">0</subfield>
    <subfield code="2">ddc</subfield>
    <subfield code="5">1</subfield>
    <subfield code="7">0</subfield>
    <subfield code="8">PD</subfield>
    <subfield code="a">BNPHU</subfield>
    <subfield code="b">BNPHU</subfield>
    <subfield code="c">HD</subfield>
    <subfield code="d">2009-08-28</subfield>
    <subfield code="o">398.097293 G241r</subfield>
    <subfield code="p">6375-10</subfield>
    <subfield code="r">2020-06-25</subfield>
    <subfield code="w">2020-06-25</subfield>
    <subfield code="y">LBS1</subfield>
  </datafield>
  <datafield tag="952" ind1=" " ind2=" ">
    <subfield code="0">0</subfield>
    <subfield code="1">0</subfield>
    <subfield code="2">ddc</subfield>
    <subfield code="5">1</subfield>
    <subfield code="7">0</subfield>
    <subfield code="8">PD</subfield>
    <subfield code="a">BNPHU</subfield>
    <subfield code="b">BNPHU</subfield>
    <subfield code="c">HD</subfield>
    <subfield code="d">2009-08-28</subfield>
    <subfield code="o">398.097293 G241r</subfield>
    <subfield code="p">6375-20</subfield>
    <subfield code="r">2020-06-25</subfield>
    <subfield code="t">e. 2</subfield>
    <subfield code="w">2020-06-25</subfield>
    <subfield code="y">LBS1</subfield>
  </datafield>
  <datafield tag="952" ind1=" " ind2=" ">
    <subfield code="0">0</subfield>
    <subfield code="1">0</subfield>
    <subfield code="2">ddc</subfield>
    <subfield code="5">6</subfield>
    <subfield code="7">0</subfield>
    <subfield code="8">DS</subfield>
    <subfield code="a">BNPHU</subfield>
    <subfield code="b">BNPHU</subfield>
    <subfield code="c">CT</subfield>
    <subfield code="d">2019-08-14</subfield>
    <subfield code="e">Compra / Librer&#xED;a Mateca</subfield>
    <subfield code="l">0</subfield>
    <subfield code="o">398.097293 G241r</subfield>
    <subfield code="p">2023-0331</subfield>
    <subfield code="r">2023-01-20</subfield>
    <subfield code="t">e.4</subfield>
    <subfield code="w">2023-01-20</subfield>
    <subfield code="y">LBS1</subfield>
  </datafield>
  <datafield tag="952" ind1=" " ind2=" ">
    <subfield code="0">0</subfield>
    <subfield code="1">0</subfield>
    <subfield code="2">ddc</subfield>
    <subfield code="5">6</subfield>
    <subfield code="7">0</subfield>
    <subfield code="8">DS</subfield>
    <subfield code="a">BNPHU</subfield>
    <subfield code="b">BNPHU</subfield>
    <subfield code="c">CT</subfield>
    <subfield code="d">2019-08-14</subfield>
    <subfield code="e">Compra / Librer&#xED;a Mateca</subfield>
    <subfield code="l">0</subfield>
    <subfield code="o">398.097293 G241r</subfield>
    <subfield code="p">2023-0332</subfield>
    <subfield code="r">2023-01-20</subfield>
    <subfield code="t">e.5</subfield>
    <subfield code="w">2023-01-20</subfield>
    <subfield code="y">LBS1</subfield>
  </datafield>
  <datafield tag="999" ind1=" " ind2=" ">
    <subfield code="c">6170</subfield>
    <subfield code="d">6170</subfield>
  </datafield>
</record>
